000 00655nam a2200277Ia 4500
005 20260324115413.0
008 008 260324s9999 xx 000 0 eng d
020 _a9781351189514
037 _aEBOOK
040 _aCRL
040 _beng
040 _cCRL
041 _2eng
041 _aeng
084 _qCRL
100 _aRoshan L. Aggarwal; Kambiz Alavi
_91154530
245 0 _aIntroduction to Optical Components
260 _bTaylor and Francis
260 _c2018
365 _a
365 _b275
856 _uhttp://www.taylorfrancis.com/books/9781351189514
942 _cEBOOK
999 _c1745395
_d1745395